Poesie /

Guardat en:
Dades bibliogràfiques
Autor principal: Neruda, Pablo (Autor)
Altres autors: Quasimodo, Salvatore (Traductor)
Format: Llibre
Idioma:italià
espanyol
Publicat: Torino : Einaudi, stampa 1965
Col·lecció:Collezione di poesia ; 17
Etiquetes: Afegir etiqueta
Sense etiquetes, Sigues el primer a etiquetar aquest registre!

MARC

LEADER 00000nam a22000007i 4500
001 IT\ICCU\SBL\0421793
003 ItRI
005 20260115232041.0
008 910930s1965 it |||||| ||||| |||||c
015 |2 IT  |a 654353 
020 |a 9788806025502 (28. rist. 2007) 
040 |b ita  |c importazione bologna sebina 
041 7 |a ita  |a spa  |2 ISO-639-2 
082 |a 861.6  |9 POESIA SPAGNOLA. SEC. 20.  |2 16 
100 1 |a Neruda, Pablo  |0 IT\ICCU\CFIV\002208  |4 aut 
245 1 0 |a Poesie /  |c Pablo Neruda ; traduzione di Salvatore Quasimodo. 
260 |a Torino :  |b Einaudi,  |c stampa 1965 
300 |a 150 p. ;  |c 18 cm 
500 |a Testo orig. a fronte. 
700 1 |a Quasimodo, Salvatore  |0 IT\ICCU\CFIV\006167  |4 trl 
790 1 |a Reyes Basoalto, Ricardo Neftali  |3 IT\ICCU\USMV\676059  |z Neruda, Pablo 
790 1 |a Reyes, Neftalí Ricardo  |3 IT\ICCU\CFIV\002209  |z Neruda, Pablo 
830 0 |a Collezione di poesia ;  |v 17  |0 IT\ICCU\CFI\0001372 
942 |2 ddc  |c BK  |n 0 
952 |0 0  |1 0  |4 0  |6 DOC_861_640000000000000_NER  |7 0  |9 19165  |a BO  |b BO  |d 2026-01-15  |i 10344  |l 0  |o DOC 861.64 NER  |p BO10344  |r 2026-01-15 23:20:41  |w 2026-01-15  |x [Sebina 5] [1 v.]  |y BK  |z 1 v. 
999 |c 16305  |d 16305